Countries that have reached the knockout stages of the men's FIFA World Cup - Statistics

General Stats
  • This quiz has been taken 60 times
    35 since last reset
  • The average score is 45 of 54
Answer Stats
Answer % Correct
Argentina
100%
Brazil
100%
France
100%
Germany
100%
Australia
97%
Chile
97%
Mexico
97%
USA
97%
Italy
94%
Netherlands
94%
Spain
94%
Uruguay
94%
Austria
91%
Belgium
91%
Colombia
91%
Denmark
91%
England
91%
Hungary
91%
Nigeria
91%
Norway
91%
South Korea
91%
Sweden
91%
Cameroon
88%
Costa Rica
88%
Greece
88%
Japan
88%
Peru
88%
Portugal
88%
Croatia
85%
Ghana
85%
Poland
85%
Switzerland
85%
Yugoslavia
85%
Algeria
82%
Republic of Ireland
82%
Bulgaria
79%
Czechoslovakia
79%
Paraguay
79%
Turkey
79%
Ukraine
79%
Egypt
76%
Romania
76%
Soviet Union
76%
Ecuador
74%
Senegal
74%
Wales
74%
Slovakia
71%
Saudi Arabia
68%
West Germany
68%
North Korea
56%
Morocco
53%
Cuba
50%
Northern Ireland
50%
Indonesia
32%
No matching quizzes found
Score Distribution
Percent of People with Each Score
Percentile by Number Answered
Your Score History
You have not taken this quiz since the last reset